000 01595cab a2200313 4500
001 ABS55237
008 090401t1996 xxu||||| |||| 00| 0 eng d
035 _a(Sirsi) u15045
041 _aeng
245 _aMcCullagh v Lane Fox & Partners Ltd
260 _c1996
350 _a0
490 _aEstates Gazette
_v(1996) 21 EG 104-116(13)
520 _aCA 19 December 1995. After exchange of contracts M was informed by his architects that the true area of the gardens was 0.48acres rather than the 0.92acres as stated in the sale particulars and confirmed by an assistant director of the agents (L). M claimed that as a result or oral negligent misstatements of the agents representative he had suffered loss and damage because had he known that the true area of the gardens was just under half an acre either he would not have purchased or he would have made a lower offer. Held in court below that although L owed a duty of care to M, M had sufferd no loss. M appealed. Appeal dismissed. M had suffered a loss in value of the property. However although an estate agent owed a duty of care to a purchaser L were not liable for this loss. "Hedley Byrne v Heller" applied.
650 _aDAMAGES
650 _aDISCLAIMERS
650 _aDUTY OF CARE
650 _aERROR
650 _aESTATE AGENTS
650 _aMEASUREMENTS
650 _aMISREPRESENTATION
650 _aMISSTATEMENTS
650 _aNEGLIGENCE
650 _aPARTICULARS
650 _aVENDOR AND PURCAHSER
690 _aMANAGEMENT-BUSINESS MANAGEMENT-PROFESSIONAL PRACTICE
942 _n0
948 _c04/03/1997
999 _c9827
_d9827